Concrete, stone and brickwork.

Bibliographic Details
Main Author: Green, Noel Dutton, 1890-
Format: Book
Language:English
Published: London : C.A. Pearson, [1950]
Series:Home mechanic series
Subjects:

MARC

Tag First Indicator Second Indicator Subfields
LEADER 00000cam a2200000 4500
001 in00000024364
005 20151007062334.0
008 790518s1950 enka 00000 eng
010 |a  51030223  
035 |a (OCoLC)04980541 
035 |9 AAD4598AM 
040 |a DLC  |c CLE  |d TXA  |d UtOrBLW 
049 |a TXAM  |c [467879] 
050 0 |a TA681  |b .G64 
082 0 |a 693.5 
092 |a 693.5  |b G797c, 1950 
100 1 |a Green, Noel Dutton,  |d 1890- 
245 1 0 |a Concrete, stone and brickwork. 
264 1 |a London :  |b C.A. Pearson,  |c [1950] 
300 |a 152 pages :  |b illustrations ;  |c 20 cm. 
336 |a text  |b txt  |2 rdacontent 
337 |a unmediated  |b n  |2 rdamedia 
338 |a volume  |b nc  |2 rdacarrier 
490 0 |a Home mechanic series 
650 0 |a Concrete construction. 
650 0 |a Masonry. 
999 |a MARS 
999 f f |s 6128ab14-b151-37ad-820b-b31043536032  |i 887929e6-b705-32f2-b380-bb40ad4d567a  |t 0 
952 f f |p ric  |a Texas A&M University  |b Rellis Campus  |c Joint Library Facility  |d Remote Storage  |t 0  |e TA681 .G64  |h Library of Congress classification  |i unmediated -- volume  |m A14816033026 
998 f f |a TA681 .G64  |t 0  |l Remote Storage